Balance Estadístico /
Guardat en:
| Autor corporatiu: | |
|---|---|
| Format: | Llibre |
| Idioma: | Spanish |
| Publicat: |
San Salvador, El Salvador:
Centro de Documentación e Información. Universidad Centroamericana
|
| Matèries: | |
| Etiquetes: |
Afegir etiqueta
Sense etiquetes, Sigues el primer a etiquetar aquest registre!
|
MARC
| LEADER | 00000nam a22000007a 4500 | ||
|---|---|---|---|
| 003 | cru CIDCACS/IIS | ||
| 005 | 20231121145427.0 | ||
| 007 | ta | ||
| 008 | 201023n es |||p|r||||||0| ||spa|d | ||
| 040 | |c cru CIDCACS/IIS |a CRAI/IIS | ||
| 090 | |a REV0064 2(2) 1981 | ||
| 110 | 1 | |9 9681 |a Universidad Centroamericana. |b Centro de Documentación e Información | |
| 245 | 1 | |a Balance Estadístico / |c Centro de Documentación e Información. Universidad Centroamericana | |
| 260 | |a San Salvador, El Salvador: |b Centro de Documentación e Información. Universidad Centroamericana | ||
| 270 | |a Apdo. Postal 01 168 | ||
| 500 | |a EXISTENCIAS : 1980 1 (2-3, 6) 1981 2 (1-2) ESTADO DEL REGISTRO:Ya no se recibe | ||
| 650 | 1 | 0 | |9 3 |a MOVIMIENTOS SOCIALES |
| 650 | 1 | 7 | |a CONTRARREVOLUCIONARIOS |9 9641 |
| 650 | 1 | 0 | |a ASPECTOS POLITICOS |9 3066 |
| 650 | 1 | 4 | |a MILITARISMO |9 1934 |
| 650 | 1 | 0 | |a ESTADO |9 243 |
| 651 | 4 | |9 1928 |a EL SALVADOR | |
| 942 | |2 z |c PP |h REV0064 2(2) 1981 |i 11459 |6 REV0064_22_1981_11459 | ||
| 999 | |c 43455 |d 43455 | ||
